| 000 | 01339nam a2200277Ia 4500 | ||
|---|---|---|---|
| 999 |
_c54945 _d54945 |
||
| 001 | 22016 | ||
| 003 | GE_BSU | ||
| 005 | 20220926165136.0 | ||
| 008 | 181216s ||||ge |||||||||||||| ||geo|| | ||
| 020 | _a9789941909740 | ||
| 040 | _cGE_BSU | ||
| 041 | _ageo | ||
| 080 | _a821.353.1.09 შ-20 | ||
| 100 |
_aშამილიშვილი, გურანდა _914821 |
||
| 245 |
_aმწერლობა დაუსრულებელი ტკივილია / _cგურანდა შამილიშვილი ; რედ. : ლუიზა ბოჩკოვა-ხვიჩია, მაკა დოლიძე. |
||
| 264 |
_aთბილისი : _bგლობალ-პრინტი, _c2010. |
||
| 300 |
_a108 გვ. ; _c19 სმ. |
||
| 504 | _aბიბლიოგრაფია გვ. : 90-95 | ||
| 520 | _aრეზიუმე ინგლისურ ენაზე გვ. : 96-107 | ||
| 541 | _h6ლ. | ||
| 653 | _aმწერლობა დაუსრულებელი ტკივილია | ||
| 653 | _aქართული ლიტერატურა | ||
| 700 |
_aბოჩკოვა-ხვიჩია, ლუიზა _eრედაქტორი _914822 |
||
| 700 |
_aდოლიძე, მაკა _eრედაქტორი _914823 |
||
| 942 |
_cBK _2udc |
||